| Arts - Music | 1 | 10.00 | 100% | 0% | 0% |
| Arts - Other Arts | 1 | 0.00 | 0% | 0% | 0% |
| Arts - Painting | 1 | 10.00 | 100% | 0% | 0% |
| History - American History | 1 | 10.00 | 100% | 0% | 0% |
| History - European | 1 | 10.00 | 100% | 0% | 0% |
| Literature - British Lit | 1 | 10.00 | 100% | 0% | 0% |
| Literature - European Lit | 1 | 10.00 | 100% | 0% | 0% |
| Literature - World Lit | 1 | 10.00 | 100% | 0% | 0% |
| Other - Geo/CE | 1 | 10.00 | 100% | 0% | 0% |
| Other Academic | 1 | 20.00 | 100% | 100% | 0% |
| Pop Culture | 1 | 20.00 | 100% | 0% | 100% |
| Science - Other Science | 1 | 10.00 | 0% | 100% | 0% |
| Thought - Social Science | 1 | 10.00 | 0% | 100% | 0% |
| Arts - Music | 2 | 10.00 | 100% | 0% | 0% |
| Arts - Other Arts | 3 | 10.00 | 100% | 0% | 0% |
| History - American History | 1 | 10.00 | 100% | 0% | 0% |
| History - European | 1 | 10.00 | 100% | 0% | 0% |
| History - Other History | 1 | 10.00 | 100% | 0% | 0% |
| History - World | 1 | 20.00 | 100% | 100% | 0% |
| History - World History | 2 | 15.00 | 100% | 50% | 0% |
| Literature - American Lit | 2 | 15.00 | 100% | 0% | 50% |
| Literature - British Lit | 1 | 20.00 | 100% | 100% | 0% |
| Literature - European Lit | 1 | 10.00 | 100% | 0% | 0% |
| Mythology | 3 | 20.00 | 100% | 100% | 0% |
| Other - Geo/CE | 1 | 20.00 | 100% | 100% | 0% |
| Other Academic | 4 | 12.50 | 100% | 25% | 0% |
| Pop Culture | 1 | 10.00 | 100% | 0% | 0% |
| Religion | 1 | 10.00 | 100% | 0% | 0% |
| Science - Biology | 3 | 20.00 | 100% | 67% | 33% |
| Science - Chemistry | 2 | 15.00 | 100% | 50% | 0% |
| Science - Engineering | 1 | 10.00 | 100% | 0% | 0% |
| Science - Other Science | 2 | 10.00 | 100% | 0% | 0% |
| Science - Physics | 2 | 15.00 | 100% | 50% | 0% |
| Thought - Philosophy | 2 | 10.00 | 100% | 0% | 0% |
| Thought - Social Science | 1 | 10.00 | 100% | 0% | 0% |